| 000 | 00575nam a2200205Ia 4500 | ||
|---|---|---|---|
| 003 | GCL | ||
| 008 | 140319s9999 xx 000 0 eng d | ||
| 040 |
_aGCL / _cGCL |
||
| 082 | 0 | 4 |
_a810.8 _bB N |
| 100 | 1 | _aBEATY, JEROME | |
| 245 | 1 | 0 |
_aNEW WORLDS OF LITERATURE: WRITINGS FROM AMERICA'S MANY CULTURES / _cBEATY, JEROME |
| 700 | 1 | _aHUNTER, J.PAUL | |
| 260 |
_a[S.N] : _bW.W.NORTON AND COMPANY ، _c1994 |
||
| 300 | _a980 P | ||
| 650 | 0 | 4 | _aLITERATURE |
| 650 | 0 | 4 | _aCANADIAN LITERATURE |
| 650 | 0 | 4 | _aMINORITY AUTHORS |
| 650 | 0 | 4 | _aAMERICAN LITERATURE |
| 942 |
_2ddc _cBK |
||
| 999 |
_c13807 _d13807 |
||